Statistics for NBA Top 10 Best Teams All-Time

Click here to take the quiz!

General Stats

  • This quiz has been taken 236 times
  • The average score is 7 of 13

Answer Stats

Player% Correct
Chicago Bulls 1996
96%
Golden State Warriors 2017
93%
Boston Celtics 1986
75%
Los Angeles Lakers 1987
75%
Miami Heat 2013
67%
Chicago Bulls 1991
61%
San Antonio Spurs 2014
61%
Detroit Pistons 1989
50%
Boston Celtics 2008
47%
Los Angeles Lakers 1972
46%
Milwaukee Bucks 1971
22%
New York Knicks 1970
22%
New York Knicks 1973
18%

Score Distribution

Percentile by Number Answered

Percent of People with Each Score

Your Score History

You have not taken this quiz